| 000 | 00423nam a2200157Ia 4500 | ||
|---|---|---|---|
| 008 | 240729s9999 xx 000 0 und d | ||
| 022 | _a2624-6511 | ||
| 245 | 0 | _aSmart Cities | |
| 260 | _aSwitzerland | ||
| 260 | _bMDPI AG | ||
| 650 | _a Engineering (General). Civil engineering (General) | ||
| 650 | _aTechnology | ||
| 856 | _uhttps://doaj.org/toc/b1d3f7b3cfcf4a0698b4d4dbd00b7da2 | ||
| 942 | _2ddc | ||
| 942 | _cDOAJEJ | ||
| 999 |
_c73955 _d73955 |
||
| 945 |
_a1 _bMadushi Gamage _c1 _dMadushi Gamage |
||